El arca sepultada
Furkejuvvon:
| Váldodahkki: | |
|---|---|
| Materiálatiipa: | Girji |
| Giella: | espánnjágiella |
| Almmustuhtton: |
Santiago
Del Nuevo Extremo
1959
|
| Fáttát: | |
| Fáddágilkorat: |
Lasit fáddágilkoriid
Eai fáddágilkorat, Lasit vuosttaš fáddágilkora!
|
MARC
| LEADER | 00000nam a2200000 a 4500 | ||
|---|---|---|---|
| 001 | UCH2676 | ||
| 003 | CL-VaPUC | ||
| 008 | 090624e19590000CL |||||||||||||||||spa|d | ||
| 082 | 0 | 4 | |a Ar863 |b AXE |2 21 |
| 100 | 0 | |a Axelrad, Edouard |e author |9 537668 | |
| 245 | 1 | 3 | |a El arca sepultada |
| 300 | |a 382 p | ||
| 942 | |c BK | ||
| 945 | |d 20090624 00:00:00 |a rbrito | ||
| 260 | |a Santiago |b Del Nuevo Extremo |c 1959 | ||
| 650 | 0 | |a Novelas argentinas |9 267871 | |
| 583 | |a last modification |c 20090624 00:00:00 |k Rodrigo Vera | ||
| 999 | |c 334392 |d 334390 | ||
| 952 | |0 0 |1 0 |4 0 |6 AR_863_000000000000000_AXE_1959 |7 0 |8 ? |9 423383 |a FDOBUD |b FDOBUD |d 2019-11-22 |i 4558324 |o Ar863 AXE 1959 |p 4558324 |r 2019-11-22 |w 2019-11-22 |y BK |k BUD | ||